ARRUPE JESUIT UNIVERSITY

CORONAVIRUS -STOP THE SPREAD - CLEAN,DISINFECT,COVER

Women in development : (Record no. 130091)

MARC details
000 -LEADER
fixed length control field 00946cam a2200265 a 4500
001 - CONTROL NUMBER
control field 4270629
003 - CONTROL NUMBER IDENTIFIER
control field ARRUPE
005 - DATE AND TIME OF LATEST TRANSACTION
control field 20191127115100.0
008 - FIXED-LENGTH DATA ELEMENTS--GENERAL INFORMATION
fixed length control field 840824s1983 sw a b 000 0 eng
010 ## - LIBRARY OF CONGRESS CONTROL NUMBER
LC control number 84205153
020 ## - INTERNATIONAL STANDARD BOOK NUMBER
International Standard Book Number 288116000X (pbk.) :
Terms of availability $12.00 (U.S.)
040 ## - CATALOGING SOURCE
Original cataloging agency DLC
Transcribing agency DLC
Modifying agency DLC
043 ## - GEOGRAPHIC AREA CODE
Geographic area code d------
050 00 - LIBRARY OF CONGRESS CALL NUMBER
Classification number HQ1240.5.D44
Item number W663 1983
082 00 - DEWEY DECIMAL CLASSIFICATION NUMBER
Classification number 305.4
Edition number 19
300 ## - PHYSICAL DESCRIPTION
Other physical details ill. ;
Dimensions 30 cm.
245 00 - TITLE STATEMENT
Title Women in development :
Remainder of title a resource guide for organization and action /
Statement of responsibility, etc ISIS Women's International Information and Communication Service.
260 ## - PUBLICATION, DISTRIBUTION, ETC. (IMPRINT)
Place of publication, distribution, etc Geneva, Switzerland :
Name of publisher, distributor, etc ISIS,
Date of publication, distribution, etc c1983.
300 ## - PHYSICAL DESCRIPTION
Extent 225 p. :
504 ## - BIBLIOGRAPHY, ETC. NOTE
Bibliography, etc Includes bibliographies.
650 #0 - SUBJECT ADDED ENTRY--TOPICAL TERM
Topical term or geographic name as entry element Women in development
Geographic subdivision Developing countries.
9 (RLIN) 46193
650 #0 - SUBJECT ADDED ENTRY--TOPICAL TERM
Topical term or geographic name as entry element Women in development
Geographic subdivision Developing countries
General subdivision Bibliography.
9 (RLIN) 48851
710 2# - ADDED ENTRY--CORPORATE NAME
Corporate name or jurisdiction name as entry element ISIS (Organization)
9 (RLIN) 48852
906 ## - LOCAL DATA ELEMENT F, LDF (RLIN)
a 7
b cbc
c orignew
d 2
e ncip
f 19
g y-gencatlg
942 ## - ADDED ENTRY ELEMENTS (KOHA)
Source of classification or shelving scheme Library of Congress Classification
Koha item type Monograph ( Printed materials)
Holdings
Withdrawn status Lost status Source of classification or shelving scheme Damaged status Not for loan Collection code Home library Current library Shelving location Date acquired Total Checkouts Full call number Barcode Date last seen Price effective from Koha item type
    Library of Congress Classification     Main Collection ARRUPE LIBRARY ARRUPE LIBRARY Main Collection 27/11/2019   HQ1240.5.D44 W663 1983 46600006309 27/11/2019 27/11/2019 Monograph ( Printed materials)

 

Arrupe Library. PO Box MP320 Mt Pleasant, Harare, Zimbabwe
263 242 745411|librarian@aju.ac.zw